Countries of North America - Statistics

General Stats
  • This quiz has been taken 37 times
  • The average score is 20 of 23
Answers on the Map
Answers color-coded by a green-red scale on the quiz's map according to % correct below.
 
Answer Stats
Country % Correct
Canada
100%
Cuba
100%
Mexico
100%
United States
100%
Panama
96%
Bahamas
92%
Belize
92%
Costa Rica
92%
Jamaica
92%
Dominica
88%
El Salvador
88%
Guatemala
88%
Honduras
88%
Barbados
85%
Haiti
85%
Antigua and Barbuda
81%
Dominican Republic
81%
Saint Lucia
81%
Grenada
77%
Nicaragua
77%
Saint Kitts and Nevis
77%
Saint Vincent and the Grenadines
77%
Trinidad and Tobago
77%
No matching quizzes found
Score Distribution
Percent of People with Each Score
Percentile by Number Answered
Your Score History
You have not taken this quiz